| 000 | 01798nam a2200517 i 4500 | ||
|---|---|---|---|
| 001 | 30805 | ||
| 003 | KOSZ 005 | ||
| 005 | 20210325102545.0 | ||
| 008 | 980702s1995 pl f |000 0 pol | ||
| 015 | _aUWD 1996/1768 | ||
| 020 | _a8385792236 | ||
| 035 | _a991003895869705066 | ||
| 035 | _a(PL-WaBN)b11038354-48omnis_nlop | ||
| 035 | _ab11038354 | ||
| 035 | _a(OCoLC)168791933 | ||
| 035 | _azz2004825649 | ||
| 035 | _a(PL)b0000001103835 | ||
| 035 | _a(EXLNZ-48OMNIS_NETWORK)9910394537605606 | ||
| 040 |
_aWA N _cWA N _dKOSZ 005/EG |
||
| 041 | 0 | _apoleng | |
| 080 | _a811.111:811.162.1'374 | ||
| 080 | _a504 | ||
| 100 | 1 |
_aCzekierda, Krzysztof _eAutor |
|
| 245 | 1 | 0 |
_aSłownik ochrony środowiska i ochrony przyrody angielsko-polski / _cKrzysztof Czekierda. |
| 246 | 3 | 1 | _aDictionary of environmental protection and nature conservation English-Polish |
| 260 |
_aBiałystok : _b"Ekonomia i Środowisko", _c1995. |
||
| 300 |
_a663 s. ; _c21 cm. |
||
| 336 |
_aTekst _btxt _2rdacontent |
||
| 337 |
_aBez urządzenia pośredniczącego _bn _2rdamedia |
||
| 338 |
_aWolumin _bnc _2rdacarrier |
||
| 380 | _aKsiążki | ||
| 388 | _a1901-2000 | ||
| 388 | _a1989-2000 | ||
| 500 | _aTyt. równol. : Dictionary of environmental protection and nature conservation English-Polish. | ||
| 504 | _aBibliogr. s. 14-15. | ||
| 650 | 7 |
_aOchrona przyrody _2DBN |
|
| 650 | 7 |
_aŚrodowisko człowieka _2DBN |
|
| 650 | 7 |
_aTerminologia _2DBN |
|
| 655 | 7 |
_aSłownik angielsko-polski _2DBN |
|
| 655 | 7 |
_aSłownik terminologiczny _2DBN |
|
| 658 | _aJęzykoznawstwo | ||
| 658 | _aOchrona środowiska | ||
| 856 |
_uhttp://koha.tu.koszalin.pl/cgi-bin/koha/opac-detail.pl?biblionumber=30805 _yKatalog online BPK |
||
| 942 |
_2UKD _cKS |
||
| 999 |
_c30805 _d30805 |
||